000 00503nam a22001697a 4500
003 CO-ViMGA
008 151205b xxu||||| |||| 00| 0 eng d
020 _a0590494430
040 _aCO-ViMGA
_bspa
_cCO-ViMGA
090 _aA
_bBAEa
100 1 _aBaer, Edith
_92002
245 1 0 _aAsí vamos a la escuela /
_bUn libro acerca de niños en diferentes países del mundo
_cBaer, Edith
260 _aNew York
_bSholastic Inc.
_c1993
300 _a40 p.
650 1 4 _apaíses del mundo
_92003
942 _2ddc
_cBK
999 _c33663
_d33663